000 00251nam a2200097Ia 4500
082 _aJ|591.5|SOLW
245 0 _aDeadly insects
100 _a SOLWAY, Andrew Oxford, 2006
_969497
942 _cBK
008 210817s9999 xx 000 0 und d
999 _c224618
_d224617